| 000 | 02577nam a2200337Ia 4500 | ||
|---|---|---|---|
| 999 |
_c6574 _d6574 |
||
| 003 | OSt | ||
| 005 | 20200306114045.0 | ||
| 008 | 130821t1995 sp ad fr 1 0dspa | ||
| 020 | _a8485855825 | ||
| 040 |
_aCo-BoUCM _cCO-JMCR |
||
| 041 | 0 | 0 | _aspa |
| 082 | 0 | 4 |
_a330.9 / _bK943d _220 |
| 100 | 1 |
_aKrugman, Paul, _eautor _9825 |
|
| 245 | 1 | 0 |
_aDesarrollo, geografía y teoría económica / _cPaul Krugman ; traducción de Adelina Comas |
| 260 |
_aBarcelona : _bAntoni Bosch _c©1995 |
||
| 300 |
_a113 páginas : _bgráficos a blanco y negro ; _c22 cm. |
||
| 500 | _aIncluye datos biográficos del autor en solapa. | ||
| 500 | _aTitulo original: Development geography, and economic theory. | ||
| 500 | _aIncluye índice analítico páginas [111]-113 | ||
| 504 | _aBibliografía: páginas [109]-110 | ||
| 505 | 0 | _aLa caída y el resurgimiento de la economía del desarrollo -- Geografía perdida y encontrada -- Modelos y metáforas | |
| 520 | _a¿Por qué en economía ciertas ideas se consolidan mientras que otras son descartadas? Paul Krugman sostiene que la reticencia de los economistas a pensar sobre los temas difíciles de formalizar les ha llevado a ignorar ideas que han resultado ser, retrospectivamente, muy buenas. Krugman examina la evolución de la geografía económica y de la teoría del desarrollo económico con la intención de entender la naturaleza de la investigación económica. El autor describe cómo la teoría del desarrollo perdió su enorme influencia y prácticamente desapareció del discurso económico al quedar patente que algunas de sus principales constataciones no podían modelarse con claridad. Parece que la geografía económica tuvo un sino aún peor, al evitar los economistas todos los temas relacionados con el espacio por que no se adaptan a los instrumentos disponibles. El libro de Krugman no es, sin embargo una llamada al abandono de los modelos económicos. Por el contrario, explica porque vale la pena insistir en la construcción de modelos económicos aunque esto fuerce ocasionalmente a los economistas a desechar buenas ideas. En paralelo con este análisis, Krugman ofrece una visión panorámica de los avances más recientes en geografía económica y teoría del desarrollo económico. | ||
| 546 | _aTraducido del inglés. | ||
| 650 | 1 | 4 |
_aDesarrollo económico _912956 |
| 650 | 1 | 4 |
_aEconomía internacional _97543 |
| 650 | 1 | 4 |
_aEconomía _9174 |
| 650 | 1 | 4 |
_aGeografía económica _916347 |
| 650 | 1 | 4 |
_aTeoría económica _925318 |
| 700 | 1 |
_aComas, Adelina, _etradructora _9826 |
|
| 942 |
_2ddc _cBK |
||